| 000 | 00934cam a22002895a 4500 | ||
|---|---|---|---|
| 001 | 016829631 | ||
| 003 | OSt | ||
| 005 | 20151111120904.0 | ||
| 008 | 140813s2014 enk frb f001 0 eng d | ||
| 020 | _a9781107477780 (pbk.) | ||
| 040 |
_aStDuBDS _beng _cStDuBDS _dEG-ScBUE |
||
| 082 | 0 | 4 |
_a341.26 _bCRA _222 |
| 100 | 1 |
_aCrawford, James, _d1948- _938718 |
|
| 245 | 1 | 0 |
_aState responsibility : _bthe general part / _cJames Crawford. |
| 250 | _a1st ed. | ||
| 260 |
_aCambridge : _bCambridge University Press, _c2014. |
||
| 300 |
_aIxxiv, 825 p. ; _c23 cm. |
||
| 490 | 0 | _aCambridge studies in international and comparative law | |
| 500 | _aindex : p. 808-825. | ||
| 504 | _aBibliography : p. 778-807. | ||
| 650 | 0 |
_aInternational obligations. _2BUEsh |
|
| 650 | 0 |
_aGovernment liability (International law) _2BUEsh |
|
| 651 | _2BUEsh | ||
| 653 |
_bBUSBOL _cNovember2015 |
||
| 655 |
_vReading book _934232 |
||
| 942 |
_2ddc _k341.26 CRA |
||
| 999 |
_c21039 _d21011 |
||